| 000 | 00405nam a2200157Ia 4500 | ||
|---|---|---|---|
| 003 | LK-CoDNM | ||
| 008 | 010623t1768 xxu||||| |||| 00| 1 eng d | ||
| 040 |
_aLK-CoDNM _dLK-CoDNM _eLK-CoDNM |
||
| 041 | _aeng | ||
| 080 |
_a042 _bKEU |
||
| 100 | _aKeuneman,Pieter. | ||
| 245 | _aSelected Speeches and Articles | ||
| 260 |
_bPeople's Publishing House _c(1947) _c(1987) |
||
| 300 | _b273p., 18 cm | ||
| 942 | _cBK | ||
| 999 |
_c80785 _d80785 |
||